000 00368nam a2200133Ia 4500
005 20260328101443.0
008 260328s9999||||xx |||||||||||||| ||und||
100 _aKostof, Spiro
245 4 _aThe Architect :
_b Chapters in the History of the profession /
_cSpiro Kostof
260 _bOxford University Press
300 _a371 p.
650 _aARQUITECTURA
942 _cBK
999 _c8354
_d8354